|
|
|
|
| LEADER |
00919nam a22002057a 4500 |
| 082 |
|
|
|b 894.M1
|a RAJ/S J8
|
| 100 |
|
|
|a രാജരാജവ൪മ്മ രാജ വടക്കുംകൂ൪
|9 279408
|
| 100 |
|
|
|a Rajaraja Varmma Raja Vadakkumkoor
|9 279409
|
| 240 |
|
|
|a Suka Sandesham
|
| 245 |
|
|
|a ശുക സന്ദേശം
|
| 250 |
|
|
|a 2nd
|
| 260 |
|
|
|a Trivandrum;
|b Kamalaya Book Depot;
|c 1958
|
| 300 |
|
|
|a 227p.
|
| 650 |
|
|
|a മലയാളം;കവിത
|9 279410
|
| 650 |
|
|
|a Malayalam; Poetry
|9 279411
|
| 700 |
|
|
|a കുഞ്ഞിക്കുട്ട൯ തമ്പുരാ൯ കൊടുങ്ങല്ലൂ൪ (വിവ൪.)
|9 279412
|
| 700 |
|
|
|a Kunjikkuttan Thampuran Kodunjalloor (Tr.)
|9 279413
|
| 942 |
|
|
|c BK
|
| 999 |
|
|
|c 49680
|d 49680
|
| 952 |
|
|
|0 0
|1 0
|4 0
|6 894_000000000000000_M1_RAJ_S_J8
|7 0
|8 POE
|9 58597
|a MAL
|b MAL
|d 2016-03-08
|e 2371
|g 4.00
|l 0
|o 894.M1 RAJ/S J8
|p MAL002371
|r 2016-03-08
|t 1
|w 2016-03-08
|y BK
|